[Event "Figueres op-B 18th"]
[Site "Figueres"]
[Date "2017.08.16"]
[Round "8"]
[White "Sague Pla, Oscar"]
[Black "Fernandez Marin, Antonio"]
[Result "0-1"]
[WhiteElo "1751"]
[BlackElo "1732"]
[PlyCount "66"]
[EventDate "2017.08.10"]
[EventType "swiss"]
[EventRounds "9"]
[EventCountry "ESP"]
[SourceTitle "EXT 2019"]
[Source "ChessBase"]
[SourceDate "2018.10.10"]
[SourceVersion "1"]
[SourceVersionDate "2018.10.10"]
[SourceQuality "1"]

1. e4 c5 2. Nc3 d6 3. f4 Nc6 4. Bb5 Bd7 5. Nf3 a6 6. Bxc6 Bxc6 7. 0-0 e6 8. Qe1 Be7 9. Qg3 g6 10. d3 Nf6 11. a3 Qd7 12. b4 b6 13. Bb2 0-0 14. Rae1 Rae8 15. d4 cxb4 16. axb4 Bb5 17. Nxb5 Qxb5 18. Nh4 Qxb4 19. Ba1 Qc4 20. f5 Nh5 21. Qg4 exf5 22. Nxf5 Ng7 23. Nh6+ Kh8 24. Rf2 f6 25. Ref1 Qc8 26. Qf3 Ne6 27. Qb3 b5 28. d5 Nc5 29. Qe3 Kg7 30. Ng4 Qxg4 31. e5 Nd7 32. exf6+ Bxf6 33. Qa3 Bxa1 0-1